UBT Library

Nationalism / (Record no. 118)

000 -LEADER
fixed length control field 00693cam a22002418a 4500
005 - DATE AND TIME OF LATEST TRANSACTION
control field 20131016044757.0
008 - FIXED-LENGTH DATA ELEMENTS--GENERAL INFORMATION
fixed length control field 890329s1989 enk b 001 0 eng d
020 ## - INTERNATIONAL STANDARD BOOK NUMBER
International Standard Book Number 0713165197
041 1# - LANGUAGE CODE
Language code of text/sound track or separate title eng
080 ## - UNIVERSAL DECIMAL CLASSIFICATION NUMBER
Universal Decimal Classification number 32
100 1# - Rafti
Rafti Alter, Peter.
240 10 - UNIFORM TITLE
Uniform title <a href="Nationalism">Nationalism</a>
Language of a work English
245 10 - TITLE STATEMENT
Title Nationalism /
Statement of responsibility, etc Peter Alter ; translated by Stuart McKinnon-Evans.
260 ## -
-- London ;
-- New York :
-- Edward Arnold,
-- 1989.
300 ## -
-- iv, 172 p. ;
-- 22 cm.
500 ## -
-- Preface f. :[I] - 3
500 ## -
-- Includes index.
500 ## -
-- Translation of: Nationalismus.
504 ## - BIBLIOGRAPHY, ETC. NOTE
Bibliography, etc Bibliography p. [153]-163.
650 #0 -
-- Nacionalizmi
650 #0 -
-- Politika botërore
942 ## - ADDED ENTRY ELEMENTS (KOHA)
Source of classification or shelving scheme
Item type Books
Holdings
Withdrawn status Lost status Source of classification or shelving scheme Damaged status Not for loan Collection code Permanent location Current location Shelving location Date acquired Total Checkouts Full call number Barcode Date last seen Price effective from Koha item type
          Koleksioni i përgjithshem UBT - Prishtine UBT - Prishtine Koleksioni i përgjithshem 10/16/2013   32 ALT 001-000130 10/16/2013 10/16/2013 Books
UBT Library © 2015-2024. All rights reserved University Education for Business and Technology